Monologue song (Taylor Swift) - lyrics - Statistics

General Stats
  • This quiz has been taken 9 times
  • The average score is 200 of 256
Answer Stats
Answer % Correct
I
100%
is
100%
my
100%
about
88%
and
88%
And
88%
but
88%
But
88%
go
88%
gonna
88%
I'm
88%
in
88%
La
88%
la
88%
like
88%
me
88%
monologue
88%
not
88%
on
88%
On
88%
SNL
88%
talk
88%
that
88%
the
88%
This
88%
this
88%
to
88%
who
88%
dresses
75%
glitter
75%
Ha
75%
ha
75%
Kanye
75%
phone
75%
say
75%
so
75%
sparkly
75%
things
75%
up
75%
was
75%
with
75%
You
75%
bags
63%
baking
63%
be
63%
brag
63%
broke
63%
cheat
63%
doing
63%
guy
63%
he
63%
Hey
63%
him
63%
how
63%
I'd
63%
into
63%
mention
63%
musical
63%
real
63%
smell
63%
something
63%
songs
63%
stage
63%
well
63%
writing
63%
bad
50%
bring
50%
dating
50%
douch
50%
expecting
50%
got
50%
hosting
50%
if
50%
I've
50%
Joe
50%
might
50%
names
50%
nothing
50%
public
50%
ran
50%
ruined
50%
their
50%
they're
50%
think
50%
Tonight
50%
Twilight
50%
Vma
50%
werewolf
50%
winter
50%
you're
50%
ashamed
38%
cause
38%
comment
38%
everything's
38%
from
38%
more
38%
okay
38%
security
38%
there's
38%
wondering
38%
lining
25%
No matching quizzes found
Score Distribution
Percent of People with Each Score
Percentile by Number Answered
Your Score History
You have not taken this quiz